| 000 | 00000nam 2200000za 4500 |
| 001 | 9.590783 |
| 003 | CaOODSP |
| 005 | 20221107134113 |
| 007 | cr ||||||||||| |
| 008 | 150406s2000||||xxc ||||o f000 0 fre d |
| 020 | |a0-662-85362-8|z0-662-65398-X |
| 040 | |aCaOODSP|bfre |
| 043 | |an-cn--- |
| 086 | 1 |aA54-9/29F-IN|zA54-9/29 |
| 100 | 1 |aJoung, Kwang-Bo. |
| 245 | 14|aUne analyse des incidences environnementales de l'insecticide microbien Bacillus thuringiensis |h[ressource électronique] / |cKwang-Bo Joung et Jean-Charles Côté. |
| 260 | |aSaint-Jean-sur-Richelieu, Québec : |bCentre de Recherche et de Développement en Horticulture, Direction générale de la recherche, Agriculture et Agroalimentaire Canada, |cc2000. |
| 300 | |a17 p. |
| 490 | 1 |aBulletin technique ; |vN° 29 |
| 504 | |aComprend des réf. bibliogr. |
| 590 | |a10-07-Supp|b2010-09-08 |
| 700 | 1 |aCoté, Jean-Charles. |
| 710 | 1 |aCanada. |bCentre de R&D en horticulture (Canada) |
| 710 | 1 |aCanada. |bAgriculture et agroalimentaire Canada. |bDirection générale de la recherche. |
| 720 | 1 |aJoung, Kwang-Bo |
| 720 | 1 |aCôté, Jean-Charles |
| 775 | 08|tA review of the environmental impacts of the microbial insecticide Bacillus thuringiensis |w(CaOODSP)9.557530 |
| 776 | 0#|tA review of environmental impacts of the microbial insecticide Bacillus thuringiensis / |w(CaOODSP)9.534708 |
| 776 | 0#|tUne analyse des incidences environnementales de l'insecticide microbien Bacillus thuringiensis / |w(CaOODSP)9.534709 |
| 830 | #0|aBulletin technique ;|vN° 29|w(CaOODSP)9.500836 |
| 856 | 40|ahttp://publications.gc.ca|qPDF|s323 K°|uhttps://publications.gc.ca/collections/Collection/A54-9-29F.pdf|yN° 29 |